[Event "Corporation Centre Cup"]
[Site "Izhevsk RUS"]
[Date "2010.07.15"]
[Round "1"]
[White "Amonatov,F"]
[Black "Pasiev,R"]
[Result "1-0"]
[WhiteElo "2608"]
[BlackElo "2240"]

1.e4 c5 2.Nf3 Nc6 3.Nc3 e5 4.Bc4 d6 5.d3 Be7 6.O-O Nf6 7.h3 h6 8.a3 O-O 9.Rb1 Be6
10.b4 b6 11.Nd5 Rb8 12.c3 b5 13.Ba2 Nd7 14.d4 cxd4 15.cxd4 Nxd4 16.Nxd4 exd4
17.Qxd4 Nb6 18.Bb2 Bf6 19.Nxf6+ Qxf6 20.Qxd6 Qg6 21.Bxe6 fxe6 22.Rbd1 Nc4
23.Qd4 Rbd8 24.Qxd8 Rxd8 25.Rxd8+ Kh7 26.Bc3 Qxe4 27.Re1 Qc6 28.Rd3 e5 29.Rg3 Qf6
30.Rg4 Qd6 31.Kh1 h5 32.Rge4 Qd3 33.Bxe5 Qxa3 34.Ba1 Nd6 35.Rd4 Nf5 36.Rf4 g6
37.Rfe4 Kh6 38.h4 Qd3 39.Re8 Nxh4 40.f4  1-0

[Event "Aegean Open"]
[Site "Agios Kirykos GRE"]
[Date "2010.07.16"]
[Round "4"]
[White "Petraki,M"]
[Black "Latifis,G"]
[Result "1-0"]
[WhiteElo "2067"]
[BlackElo "1663"]

1.e4 c5 2.Nc3 Nc6 3.Bb5 a6 4.Bxc6 bxc6 5.d3 e6 6.f4 g6 7.Nf3 d6 8.O-O Bg7
9.Qe1 Ne7 10.e5 d5 11.Na4 Rb8 12.Nxc5 Qb6 13.Qf2 h5 14.b3 Nf5 15.d4 Bf8 16.Na4 Qa7
17.Bd2 a5 18.Rfc1 Bd7 19.c4 Be7 20.cxd5 cxd5 21.Nc5 Bb5 22.a4 Bd7 23.Rab1 Bxc5
24.Rxc5 Qb7 25.Rxa5 O-O 26.h3 Kg7 27.g4 hxg4 28.hxg4 Ne7 29.Qh4 f6 30.Kg2 g5
31.exf6+ Rxf6 32.Qxg5+ Rg6 33.Qxe7+  1-0

[Event "ZDMI Open"]
[Site "Dresden GER"]
[Date "2010.07.17"]
[Round "8"]
[White "Bannink,B"]
[Black "Moiseenko,A1"]
[Result "0-1"]
[WhiteElo "2270"]
[BlackElo "2667"]

1.e4 c5 2.Nf3 Nc6 3.Nc3 d6 4.Bb5 e5 5.O-O Nf6 6.d3 Be7 7.Nd5 O-O 8.Bxc6 bxc6
9.Nxe7+ Qxe7 10.Bg5 h6 11.Bxf6 Qxf6 12.Nd2 Qg5 13.Qe2 f5 14.exf5 Bxf5 15.Qe3 Qf6
16.Ne4 Qg6 17.Rae1 Rae8 18.a3 c4 19.dxc4 d5 20.cxd5 cxd5 21.Nc5 d4 22.Qg3 Bxc2
23.Qxg6 Bxg6 24.f3 Re7 25.Rf2 Rd8 26.Rd2 Kf7 27.Kf2 Bf5 28.b4 g5 29.Nd3 Bxd3
30.Rxd3 Rc8 31.Re2 Rc4 32.Rb2 Ke6 33.b5 Rb7 34.Rdb3 Kd5 35.Ke2 Rb6 36.Kd3 g4
37.Re2 gxf3 38.gxf3 Rc1 39.Rc2 Rxc2 40.Kxc2 Kc4 41.Rb4+ Kc5 42.Ra4 Kxb5 43.Rxa7 Rf6
44.Re7 Rf5 45.a4+ Kxa4 46.f4 exf4 47.Re4 f3 48.Rxd4+ Kb5 49.Rd1 Kc4 50.Rf1 Kd4
51.Kd2 Ke4 52.Ra1 Rd5+ 53.Ke1 Ke3 54.Ra3+ Rd3 55.Ra1 Rd2 56.Ra3+ Rd3 57.Ra1 Rb3
58.Kf1 Rb4 59.Re1+ Kf4 60.Ra1 Rd4 61.Ra2 Ke3 62.Ra3+ Rd3 63.Ra1 Rb3 64.Rc1 Rb2
65.Rc3+ Ke4 66.h4 Kf4 67.Rc6 h5 68.Rg6 Rh2 69.Rf6+ Kg3  0-1

[Event "ch-SCO"]
[Site "Hamilton SCO"]
[Date "2010.07.17"]
[Round "9"]
[White "Shaw,J"]
[Black "McClement,A"]
[Result "1-0"]
[WhiteElo "2445"]
[BlackElo "2022"]

1.e4 c5 2.Nc3 Nc6 3.Bb5 Nd4 4.Bc4 e6 5.Nge2 Nf6 6.O-O a6 7.a4 d5 8.exd5 exd5
9.Ba2 Nxe2+ 10.Qxe2+ Be7 11.d3 O-O 12.Re1 Be6 13.Qf3 Qd7 14.h3 h6 15.a5 Rad8
16.Bb3 Qc6 17.Bf4 Kh7 18.Na4 Bd6 19.Nb6 Bxf4 20.Qxf4 Kg8 21.d4 c4 22.Ba4 Qd6
23.Qxd6 Rxd6 24.Re5 Rfd8 25.Rae1 g6 26.f3 Kg7 27.Kf2 Ng8 28.g4 g5 29.b3 cxb3
30.cxb3 Ne7 31.Rc1 Nc8 32.Rxe6 Rxe6 33.Rxc8 Rxc8 34.Nxc8 Kf8 35.Bd7 Rf6 36.Ke3 Rg6
37.f4 gxf4+ 38.Kxf4 Rf6+ 39.Bf5 Rc6 40.Nb6 Rc3 41.b4 Rxh3 42.Bc8 Rd3 43.Ke5 Rg3
44.Nxd5 h5 45.gxh5 Rg5+ 46.Ke4 Rxh5 47.Bxb7 Rh6 48.b5  1-0

[Event "Andorra Open"]
[Site "La Massana AND"]
[Date "2010.07.17"]
[Round "1"]
[White "Pampliega Canturri,A"]
[Black "Zoler,D"]
[Result "0-1"]
[WhiteElo "1920"]
[BlackElo "2474"]

1.e4 c5 2.Nc3 Nc6 3.Nf3 d6 4.h3 g6 5.Bc4 Bg7 6.d3 e6 7.a3 Nge7 8.O-O O-O
9.Rb1 h6 10.Be3 d5 11.exd5 exd5 12.Bxc5 dxc4 13.dxc4 Be6 14.Nd5 Re8 15.Re1 Nxd5
16.cxd5 Qxd5 17.b4 b6 18.Be3 Rad8 19.Qc1 Kh7 20.Rb3 Qh5 21.Rd3 Bxh3 22.Nh2 Bf5
23.Rxd8 Rxd8 24.c4 Ne5 25.Rf1 Qe2 26.c5 Nc4 27.Re1 Qd3 28.cxb6 axb6 29.Nf1 Bb2
30.Bxb6 Bxc1 31.Bxd8 Qxd8 32.Rxc1 Nxa3 33.Ne3 Be6 34.Ra1 Nb5  0-1

[Event "XII Open"]
[Site "Sant Marti ESP"]
[Date "2010.07.17"]
[Round "5"]
[White "Heredia Tarrats,A"]
[Black "Oms Fuentes,L"]
[Result "0-1"]
[WhiteElo "2174"]
[BlackElo "2360"]

1.e4 c5 2.Nf3 Nc6 3.Nc3 Nf6 4.e5 Ng4 5.Qe2 f6 6.exf6 Nxf6 7.d4 cxd4 8.Nb5 d6
9.Nbxd4 Nxd4 10.Nxd4 e5 11.Bg5 Be7 12.Nb3 O-O 13.O-O-O Bf5 14.Kb1 Rc8 15.Rc1 Qe8
16.Qd2 Qg6 17.Bxf6 Bxf6 18.h4 Kh8 19.f3 d5 20.g4 Be6 21.Bd3 e4 22.h5 Qe8
23.fxe4 dxe4 24.Be2 h6 25.Rcf1 Qc6 26.Nd4 Qd5 27.Nb3 Qc6 28.Nd4 Qb6 29.c3 Bd5
30.Rhg1 Bg5 31.Qd1 Rfd8 32.Ka1 Qa5 33.Nb3 Qa4 34.Nc1 Qc6 35.Qc2 a5 36.Rf5 Be6
37.Rxa5 Rd2 38.Qa4 Qb6  0-1

[Event "Sparkassen Open A"]
[Site "Dortmund GER"]
[Date "2010.07.18"]
[Round "2"]
[White "Guennigmann,M"]
[Black "Pedersen,LarsW"]
[Result "1-0"]
[WhiteElo "2234"]
[BlackElo "1850"]

1.e4 c5 2.Nc3 Nc6 3.Nge2 d6 4.d4 cxd4 5.Nxd4 g6 6.Be3 Bg7 7.Qd2 Nf6 8.f3 O-O
9.Bc4 Bd7 10.Bb3 Na5 11.O-O-O Nxb3+ 12.cxb3 a5 13.a4 Qc7 14.Kb1 Rfb8 15.Rc1 Bc6
16.h4 h5 17.Ndb5 Qd7 18.Rhd1 Ne8 19.Bd4 Bxd4 20.Qxd4 Ng7 21.Ka2 Ne6 22.Qe3 Nc5
23.Rh1 Bxb5 24.Nxb5 Rc8 25.g4 hxg4 26.h5 Qe6 27.Nd4 Qf6 28.hxg6 fxg6 29.fxg4 e5
30.Nb5 Qf4 31.Qh3 Qxe4 32.Qh7+ Kf8 33.Rcf1+ Ke8 34.Qf7+ Kd8 35.Rh8+  1-0

[Event "ZDMI Open"]
[Site "Dresden GER"]
[Date "2010.07.18"]
[Round "9"]
[White "Stark,S"]
[Black "Richter,Stefa"]
[Result "1/2-1/2"]
[WhiteElo "1858"]
[BlackElo "1883"]

1.e4 c5 2.Nc3 Nc6 3.Bb5 g6 4.Bxc6 bxc6 5.d3 Bg7 6.Nge2 Nf6 7.O-O O-O 8.h3 d6
9.Rb1 e5 10.Be3 Be6 11.b3 Qd7 12.Ng3 h5 13.h4 Ng4 14.Bg5 f6 15.Bd2 f5 16.exf5 Bxf5
17.f3 Nf6 18.Nce4 Nd5 19.c4 Nb4 20.Bxb4 cxb4 21.Qd2 a5 22.Rbd1 Qe7 23.Qg5 Bf6
24.Nxf5 Bxg5 25.Nxe7+ Bxe7 26.d4 d5 27.cxd5 cxd5 28.Ng5 exd4 29.Ne6 Rf6 30.Nxd4 Rd6
31.g3 Bf6 32.Kg2 a4 33.Nb5  1/2-1/2

[Event "Corporation Centre Cup"]
[Site "Izhevsk RUS"]
[Date "2010.07.18"]
[Round "4"]
[White "Lepkasov,V"]
[Black "Volodin,I"]
[Result "0-1"]
[WhiteElo "2090"]
[BlackElo "2257"]

1.e4 c5 2.Nf3 Nc6 3.Nc3 g6 4.d4 cxd4 5.Nxd4 Bg7 6.Be3 Nf6 7.f3 O-O 8.Bc4 Qb6
9.Bb3 Nxe4 10.Nd5 Qa5+ 11.c3 Nf6 12.Nxc6 dxc6 13.Nxe7+ Kh8 14.Nxc8 Raxc8
15.O-O c5 16.Qe2 Rfe8 17.Qf2 c4 18.Bc2 Nd5 19.Bxa7 Nf4 20.Be3 Rxe3 21.Qxe3 Qg5
22.Kf2 Qxg2+  0-1

[Event "Andorra Open"]
[Site "La Massana AND"]
[Date "2010.07.18"]
[Round "2"]
[White "Sanchez Jerez,E"]
[Black "Hamdouchi,H"]
[Result "0-1"]
[WhiteElo "2301"]
[BlackElo "2600"]

1.e4 c5 2.Nc3 Nc6 3.Nge2 g6 4.d4 cxd4 5.Nxd4 Bg7 6.Be3 Nf6 7.f3 O-O 8.g4 Qb6
9.Rb1 d5 10.e5 Nxe5 11.Nf5 Qe6 12.Nxg7 Kxg7 13.g5 Nh5 14.Qxd5 f6 15.Qxe6 Bxe6
16.Be2 Rac8 17.Bxa7 Nf4 18.Bd4 Nc6 19.gxf6+ exf6 20.Be3 Nxe2 21.Kxe2 Nb4
22.Rbc1 Bf5 23.Rhd1 Rxc3 24.bxc3 Nxa2 25.Bd4 Nxc1+ 26.Rxc1 Bd7 27.c4 Rc8
28.c5 Bc6 29.Kf2 Rd8 30.c3 Rd5 31.f4 Rf5 32.Kg3 g5 33.Rf1 Kg6 34.Rf2 Kh5
35.fxg5 Rxg5+ 36.Kf4 Kg6 37.h4 Rg1 38.h5+ Kf7 39.Ke3 Re1+ 40.Kf4 Ke6 41.Kg3 f5
42.h6 Rg1+ 43.Kf4 Rg4+ 44.Ke3 Rh4 45.Bg7 Re4+ 46.Kd2 Bb5 47.Bd4 Rh4 48.Be3 Ke5
49.Bd4+ Ke4 50.Bg7 f4 51.Bf8 f3 52.Bg7 Bc4 53.Ke1 Rh1+ 54.Kd2 Ra1 55.Bd4 Bb3  0-1

[Event "XII Open"]
[Site "Sant Marti ESP"]
[Date "2010.07.18"]
[Round "6"]
[White "Perez Mitjans,O"]
[Black "Beltran Rueda,S"]
[Result "1-0"]
[WhiteElo "2424"]
[BlackElo "2369"]

1.e4 c5 2.Ne2 Nc6 3.Nbc3 Nf6 4.d3 e6 5.f4 d5 6.e5 Nd7 7.g3 g5 8.Bg2 gxf4
9.gxf4 Qh4+ 10.Ng3 Rg8 11.O-O c4 12.Nce2 Nb6 13.d4 Bd7 14.Be3 O-O-O 15.a4 Kb8
16.a5 Nc8 17.b3 cxb3 18.c3 b2 19.Ra2 a6 20.Qb3 N6e7 21.c4 Bc6 22.Rxb2 Rd7
23.Rfb1 Rc7 24.Qd3 dxc4 25.Qxc4 Bxg2 26.Kxg2 Nb6 27.Qxc7+ Kxc7 28.Rxb6 Nd5
29.Rxb7+ Kc6 30.Bd2 Qg4 31.Kf2 Qh3 32.Kg1 Bb4 33.R7xb4 Nxb4 34.Rxb4 h5 35.Rb6+ Kc7
36.d5 exd5 37.Bb4 Rc8 38.f5 h4 39.Nf4 Qg4 40.Nxd5+  1-0

[Event "Aegean Open"]
[Site "Agios Kirykos GRE"]
[Date "2010.07.19"]
[Round "7"]
[White "Koukoufikis,A"]
[Black "Enchev,I"]
[Result "1/2-1/2"]
[WhiteElo "2255"]
[BlackElo "2441"]

1.e4 c5 2.Nc3 Nc6 3.Nge2 d6 4.a4 g6 5.g3 Bg4 6.Bg2 Nd4 7.h3 Bf3 8.O-O Bg7
9.Bxf3 Nxf3+ 10.Kg2 Nd4 11.d3 e6 12.Be3 Ne7 13.Qd2 O-O 14.Nd1 f5 15.Bxd4 cxd4
16.Qb4 Rb8 17.Nf4 Qd7 18.Qb3 Rf6 19.Re1 fxe4 20.dxe4 Rbf8 21.c3 Nc6 22.a5 dxc3
23.bxc3 Qf7 24.a6 b6 25.Nd3 g5 26.Qb5 Rf3 27.Ra2 Ne5 28.Nxe5 Bxe5 29.Qe2 Bxc3
30.Nxc3 Rxc3 31.Rd1 Rc6 32.Rad2 Qe7 33.Rd4 Kh8 34.R1d2 Rd8 35.Qd3 Qg7 36.Qb5 Rc2
37.Rxc2 Qxd4 38.Qxg5 Qxe4+ 39.Kh2 Rf8 40.Qe7 Qf5 41.Qxd6 Rf7 42.Re2 Kg7 43.f4 Rf6
44.Qe7+ Rf7 45.Qd6 Rf6 46.Qe7+ Rf7 47.Qd6 Rf6 48.Qe7+  1/2-1/2

[Event "Corporation Centre Cup"]
[Site "Izhevsk RUS"]
[Date "2010.07.19"]
[Round "5"]
[White "Dzhumaev,M"]
[Black "Frolyanov,D"]
[Result "0-1"]
[WhiteElo "2484"]
[BlackElo "2587"]

1.e4 c5 2.Nf3 Nc6 3.Nc3 Nf6 4.d4 cxd4 5.Nxd4 e5 6.Nf5 d5 7.exd5 Bxf5 8.dxc6 bxc6
9.Qf3 Qd7 10.Bg5 e4 11.Qe2 Be7 12.Qa6 O-O 13.Bc4 Ng4 14.Bxe7 Qxe7 15.h3 Qh4
16.O-O Ne5 17.Qa5 Rae8 18.Be2 Bxh3 19.gxh3 Re6 20.Rfd1 Rg6+ 21.Bg4 Qxh3  0-1

[Event "33rd Taminco Open"]
[Site "Ghent BEL"]
[Date "2010.07.20"]
[Round "8"]
[White "Decoster,F"]
[Black "Van Cappellen,J"]
[Result "1-0"]
[WhiteElo "2260"]
[BlackElo "2036"]

1.e4 c5 2.Nc3 Nc6 3.Bb5 Nd4 4.Bc4 g6 5.Nf3 Bg7 6.Nxd4 cxd4 7.Qf3 e6 8.Nb5 Qb6
9.Qf4 f6 10.Nc7+ Kd8 11.Nxa8 Qc6 12.d3 b6 13.Qb8 Qb7 14.Qxb7 Bxb7 15.Nxb6 axb6
16.O-O f5 17.f3 Nf6 18.Re1 Ke7 19.Bf4 Bc6 20.Be5 Ne8 21.Bxg7 Nxg7 22.a4 Ra8
23.c3 dxc3 24.bxc3  1-0

[Event "2nd Open"]
[Site "Rethymno GRE"]
[Date "2010.07.20"]
[Round "9"]
[White "Iordachescu,V"]
[Black "Zinchenko,Ya"]
[Result "1/2-1/2"]
[WhiteElo "2623"]
[BlackElo "2544"]

1.e4 c5 2.Nc3 Nc6 3.Bb5 Nd4 4.Bc4 Nf6 5.Nge2 a6 6.a4 e6 7.O-O d5 8.exd5 exd5
9.Ba2 Bg4 10.h3 Nxe2+ 11.Nxe2 Be6 12.d3 Bd6 13.Nf4 O-O 14.Re1 Qd7 15.a5 Rae8
16.Bd2 Bxf4 17.Bxf4 d4 18.Bxe6 Rxe6 19.Rxe6 Qxe6 20.Qf3 Qd5 21.Qxd5 Nxd5
22.Bd2 f6 23.Ra4 Rc8 24.Kf1 Kf7 25.Ke2 Ke6 26.c3 dxc3 27.Re4+ Kd6 28.bxc3 b5
29.axb6 Nxb6 30.Bc1 Rd8 31.f4 f5 32.Re5 g6 33.c4 Nd7 34.Rd5+ Kc6 35.Kd2 Rb8
36.g4 Rf8 37.Kd1 Rf6 38.Ke2 Rd6 39.gxf5 Rxd5 40.cxd5+ Kxd5 41.fxg6 hxg6 42.Kf3 Nf6
43.Bb2 Ke6 44.Ba3 Kf5 45.Bxc5 Nd5 46.Bd6 a5 47.h4 a4 48.Ke2 Nxf4+ 49.Kd2 Nd5
50.Kc2 Ke6 51.Bf8 Nf4 52.Kc3 Ng2 53.Kb4 Nxh4 54.Kxa4 g5 55.Kb3 g4 56.Kc2 g3
57.Kd1 Kf5 58.Ke2 Kg4 59.Bd6 g2 60.Bc5 Nf5 61.Bb6 Ne7 62.Kf2  1/2-1/2

[Event "25th Touraine Open"]
[Site "Avoine FRA"]
[Date "2010.07.21"]
[Round "5"]
[White "Bruneau,F"]
[Black "Gaulin,J"]
[Result "1-0"]
[WhiteElo "2032"]
[BlackElo "1717"]

1.e4 c5 2.Nc3 Nc6 3.Bb5 a6 4.Bxc6 dxc6 5.d3 e5 6.f4 exf4 7.Bxf4 Bd6 8.Bxd6 Qxd6
9.Nf3 Bg4 10.O-O O-O-O 11.Qe1 f6 12.e5 fxe5 13.Qxe5 Nf6 14.Qxd6 Rxd6 15.Rae1 Re8
16.Rxe8+ Nxe8 17.Ng5 Nf6 18.Nge4 Nxe4 19.Nxe4 Rd5 20.Rf8+ Kc7 21.Rf7+ Kb6
22.Rxg7 Bf5 23.Nf6 Rd6 24.g4 Bxd3 25.cxd3 Rxf6 26.Rxh7 Rd6 27.Rh3 c4 28.dxc4 Rd1+
29.Kf2 Rd2+ 30.Ke1 Rd4 31.Rg3 Rxc4 32.g5 Kc7 33.g6 Re4+ 34.Kd2 Re8 35.h4 Rg8
36.h5  1-0

[Event "25th Touraine Open"]
[Site "Avoine FRA"]
[Date "2010.07.21"]
[Round "5"]
[White "Bonn,T"]
[Black "Inkiov,V"]
[Result "1/2-1/2"]
[WhiteElo "2250"]
[BlackElo "2474"]

1.e4 c5 2.Nc3 Nc6 3.Bb5 Nd4 4.Bc4 e6 5.Nf3 Ne7 6.O-O a6 7.d3 Nec6 8.Nxd4 cxd4
9.Ne2 Bc5 10.Ng3 h5 11.h3 h4 12.Ne2 Na5 13.Bb3 Nxb3 14.axb3 d5 15.e5 Qc7
16.Bf4 Bd7 17.Qd2 Bc6 18.b4 Bb6 19.Nc1 g5 20.Bh2 Qe7 21.f3 Bb5 22.Nb3 Rc8
23.Kh1 Rc6 24.Bg1 f5 25.Bxd4 Bc7 26.Nc5 Bb8 27.b3 Rc8 28.c3 Rg8 29.Qe3 Rg6
30.Na4 Qg7 31.Rae1 Bc6 32.Bc5 d4 33.Qxd4 Rd8 34.Qe3 b5 35.Nb2 Qb7 36.Re2 Rd7
37.c4 Rf7 38.Ref2 Rgg7 39.Nd1 g4 40.fxg4 fxg4 41.Rxf7 Rxf7 42.Rxf7 Qxf7 43.Kg1 Qg6
44.Nf2 gxh3 45.Qxh3 Bxe5 46.Qg4 Kf7 47.Qxg6+ Kxg6 48.Ng4 Bg3 49.Ne3 Kg5 50.d4 Kf4
51.d5 exd5 52.cxd5 Bd7 53.Nf1 Be1 54.Ne3 Ke4 55.Kf1 Bg3 56.Ke2 Be8 57.Kd2 Bf4
58.Bb6 Bf7 59.Ke2 Bh5+ 60.Kd2 Bg4 61.Bc5 Bh5 62.Bb6 Bg5 63.Bc5 Bd8 64.Bf8 Bf7
65.Bc5 Ke5 66.Bf8 Bg6 67.Bg7+ Kf4 68.Bf8 Kg3 69.d6 Kf4 70.Nd5+ Ke5 71.Be7 Bxe7
72.Nxe7 Be8 73.d7 Bxd7 74.Ng6+ Ke4 75.Nxh4 Kf4 76.Ng6+ Kg3 77.Ne5 Be6 78.Kc3 Kxg2
79.Nd3 Kf3 80.Nc5 Bc8 81.Nd3 Ke2 82.Nc5 Kd1 83.Nd3 Bf5 84.Nc5 Bc8 85.Nd3 Ke2
86.Nc5 Ke3 87.Nd3 Ke4 88.Nc5+ Kd5 89.Nd3 Bf5 90.Nf2 Ke5 91.Nd3+ Kd5 92.Nf4+ Ke4
93.Nd3 Bc8 94.Nc5+ Kd5 95.Nd3 Bg4 96.Nf4+ Ke4 97.Nd3  1/2-1/2

[Event "25th Touraine Open"]
[Site "Avoine FRA"]
[Date "2010.07.21"]
[Round "5"]
[White "Monpeurt,C"]
[Black "Fomichenko,S"]
[Result "0-1"]
[WhiteElo "1893"]
[BlackElo "2217"]

1.e4 c5 2.Nf3 Nc6 3.Nc3 e5 4.Bc4 Be7 5.d3 d6 6.O-O h6 7.Nd2 Nf6 8.f4 exf4
9.Rxf4 O-O 10.Nf1 Ne5 11.Bb3 Ng6 12.Rf2 Ng4 13.Re2 Bf6 14.Qe1 Bh4 15.Ng3 Kh7
16.Nd5 b5 17.Qf1 c4 18.dxc4 bxc4 19.Bxc4 Nxh2 20.Kxh2 Bxg3+ 21.Kxg3 Qh4+
22.Kf3 Ne5+ 23.Ke3 Qg3+ 24.Kd2 Nxc4+ 25.Kd1 Bg4  0-1

[Event "21st Czech Rapid Open"]
[Site "Pardubice CZE"]
[Date "2010.07.21"]
[Round "5"]
[White "Klenburg,M"]
[Black "Grigoriants,S RUS"]
[Result "1/2-1/2"]
[WhiteElo "2437"]
[BlackElo "2566"]

1.e4 c5 2.Nf3 Nc6 3.Nc3 e5 4.Bc4 Be7 5.d3 d6 6.O-O Nf6 7.h3 O-O 8.a3 Be6
9.Rb1 Nd4 10.b4 b6 11.Nd5 Bxd5 12.exd5 Nd7 13.Nd2 b5 14.Ba2 cxb4 15.axb4 Qc7
16.c4 a5 17.Nb3 axb4 18.Nxd4 exd4 19.Bb3 bxc4 20.Bxc4 Rfb8 21.Bd2 Ne5 22.Qc2  1/2-1/2

[Event "Corporation Centre Cup"]
[Site "Izhevsk RUS"]
[Date "2010.07.22"]
[Round "8"]
[White "Girya,O"]
[Black "Arzamastsev,A"]
[Result "1-0"]
[WhiteElo "2376"]
[BlackElo "2132"]

1.e4 c5 2.Nc3 Nc6 3.Bb5 Nd4 4.Bc4 e6 5.Nge2 a6 6.Nxd4 cxd4 7.Ne2 Nf6 8.d3 b5
9.Bb3 Qb6 10.O-O Bb7 11.Bg5 Be7 12.Kh1 Rc8 13.f3 d6 14.Qe1 O-O 15.Bh4 e5
16.f4 Qc7 17.fxe5 dxe5 18.Rf5 Rce8 19.Qg3 Nxe4 20.dxe4 Bxe4 21.Bxe7 Rxe7
22.Rf2 Kh8 23.Re1 Bg6 24.Qg5 Rfe8 25.Ng3 e4 26.Qf4 Qd7 27.Nf5 Re5 28.Nh4 Qe7
29.Nxg6+ fxg6 30.Qf7 Qd6 31.Rf4 e3 32.h3 h6 33.Qa7 d3 34.cxd3 Qxd3 35.Qd4 Qxd4
36.Rxd4 Rf8 37.Rd3 e2 38.Kg1  1-0

[Event "21st Czech Rapid Open"]
[Site "Pardubice CZE"]
[Date "2010.07.22"]
[Round "6"]
[White "Pridorozhni,A"]
[Black "Maximov,D"]
[Result "1-0"]
[WhiteElo "2553"]
[BlackElo "2506"]

1.e4 c5 2.Nc3 Nc6 3.Bb5 d6 4.Bxc6+ bxc6 5.d3 g6 6.f4 Bg7 7.Nf3 Nh6 8.O-O O-O
9.h3 f5 10.e5 Nf7 11.exd6 exd6 12.Be3 Rb8 13.Rb1 Re8 14.Bf2 Qa5 15.Be1 Qc7
16.Na4 Nd8 17.Bc3 Ne6 18.Bxg7 Qxg7 19.Qd2 Rb4 20.b3 Nxf4 21.Rbe1 Ne6 22.d4 Rd8
23.dxc5 dxc5 24.Qxd8+ Nxd8 25.Re8+ Kf7 26.Rxd8 Be6 27.c4 Qf6 28.Rfd1 Rb7
29.Nxc5 Re7 30.R8d6 f4 31.Re1 Qc3 32.Nxe6 h6 33.Kh2 g5 34.c5 a5 35.Rxc6 Qb2
36.Rd6 Qxa2 37.c6 Qxb3 38.Rd7 Qc3 39.Nexg5+ hxg5 40.Rdxe7+  1-0

[Event "21st Czech Rapid Open"]
[Site "Pardubice CZE"]
[Date "2010.07.22"]
[Round "6"]
[White "Adhiban,B"]
[Black "Babula,V"]
[Result "0-1"]
[WhiteElo "2483"]
[BlackElo "2533"]

1.e4 c5 2.Nf3 Nc6 3.Nc3 e5 4.Bc4 Be7 5.d3 d6 6.O-O Nf6 7.h3 O-O 8.a3 Be6
9.Rb1 Nd4 10.b4 b5 11.Nd5 Bxd5 12.exd5 Nd7 13.Ba2 cxb4 14.axb4 Qc7 15.c4 a5  0-1

[Event "MTO"]
[Site "Biel SUI"]
[Date "2010.07.24"]
[Round "6"]
[White "Klauser,M"]
[Black "Maze,S"]
[Result "1/2-1/2"]
[WhiteElo "2362"]
[BlackElo "2573"]

1.e4 c5 2.Nf3 Nc6 3.Nc3 g6 4.d4 cxd4 5.Nxd4 Bg7 6.Be3 Nf6 7.Bc4 O-O 8.Bb3 d6
9.h3 Bd7 10.O-O Rc8 11.Re1 Na5 12.Qd3 a6 13.Nd5 Nxb3 14.axb3 e5 15.Bg5 exd4
16.Qf3 Nxd5 17.Bxd8 Nb4 18.Bf6 Nxc2 19.Bxg7 Kxg7 20.Rad1 Nxe1 21.Rxe1 Bb5
22.Rd1 d3 23.Qe3 Rfe8 24.h4 h5 25.Qd4+ Kg8 26.Kh2 Rc2 27.Kg3 Re2 28.f3 Rc8
29.Qxd6 Rxb2 30.Rxd3 Bxd3 31.Qxd3 Rbc2 32.Qd7 R2c7 33.Qd6 Rc5 34.e5 R5c6
35.Qd7 Rb8 36.f4 Kg7 37.Qd4 Re6 38.Qa7 Rc8 39.Qxb7 Rc5 40.Qb4 Rb5 41.Qc3 Kh7
42.Kh2 Reb6 43.Qc4 Kg7 44.Qd4 Rb4 45.Qa1 Kg8 46.Qd1 Kg7 47.Qa1 Kh7 48.Qc1 Rxb3
49.Qc4 Kg7 50.e6 fxe6 51.Qc7+ Kh6 52.Qd8 Rb8 53.Qg5+ Kg7 54.Qe7+ Kh6 55.Qg5+ Kg7
56.Qe7+ Kh6 57.Qg5+  1/2-1/2

[Event "21st Czech GM Open"]
[Site "Pardubice CZE"]
[Date "2010.07.24"]
[Round "2"]
[White "Pridorozhni,A"]
[Black "Jedlicka,A"]
[Result "1-0"]
[WhiteElo "2553"]
[BlackElo "2299"]

1.e4 c5 2.Nc3 Nc6 3.Bb5 Nd4 4.Nf3 e6 5.O-O Ne7 6.Nxd4 cxd4 7.Ne2 a6 8.Ba4 b5
9.Bb3 Nc6 10.d3 Be7 11.f4 O-O 12.f5 Bg5 13.Nf4 Na5 14.Qg4 Nxb3 15.cxb3 Bxf4
16.Bxf4 f6 17.Bd6 Rf7 18.e5 Bb7 19.Rae1 Bd5 20.exf6 Qxf6 21.fxe6 Bxe6 22.Qe4 Qd8
23.Rxf7 Bxf7 24.Qxd4 Qg5 25.h4 Qd5 26.Qxd5 Bxd5 27.Re7 Rc8 28.Be5 Rc1+ 29.Kf2 Rc2+
30.Ke3 d6 31.Rxg7+ Kf8 32.Bf6 h5 33.Ra7 Rc6 34.g3 Be6 35.Kf4 Bg4 36.b4 Ke8
37.Kg5 d5 38.Re7+ Kd8 39.Re5+ Kc7 40.Rxd5 Kb7 41.Rd4 Bd1 42.Be5 Rc8 43.Rd7+ Kb6
44.d4 Bg4 45.Rf7 Rc2 46.d5 Rc4 47.a3 Bd1 48.Bb8 a5 49.d6  1-0

[Event "21st Czech GM Open"]
[Site "Pardubice CZE"]
[Date "2010.07.24"]
[Round "2"]
[White "Jovanovic,Zo CRO"]
[Black "Zhou,S"]
[Result "1-0"]
[WhiteElo "2518"]
[BlackElo "2229"]

1.e4 c5 2.Nc3 Nc6 3.Bb5 Nd4 4.Bc4 d6 5.Nge2 Nxe2 6.Qxe2 e6 7.O-O Be7 8.f4 Nf6
9.e5 dxe5 10.fxe5 Nd7 11.b3 Qc7 12.Nb5 Qb8 13.Bb2 O-O 14.Rae1 a6 15.Nd6 Bxd6
16.exd6 Qxd6 17.Qg4 e5 18.Qh5 Qg6 19.Qxg6 hxg6 20.Bxe5 Nxe5 21.Rxe5 Bf5 22.Rxc5 Rad8
23.Rf2 Bxc2 24.Rc7 Be4 25.Bxf7+  1-0

[Event "21st Czech GM Open"]
[Site "Pardubice CZE"]
[Date "2010.07.24"]
[Round "2"]
[White "Manik,M"]
[Black "Umudova,N"]
[Result "1/2-1/2"]
[WhiteElo "2441"]
[BlackElo "2239"]

1.e4 c5 2.Nf3 Nc6 3.Nc3 Nf6 4.Bb5 Qc7 5.O-O Nd4 6.Re1 a6 7.Bf1 d6 8.Nxd4 cxd4
9.Nd5 Nxd5 10.exd5 g6 11.c4 Bg7 12.d3 O-O 13.Bg5  1/2-1/2

[Event "ch-AUT"]
[Site "Vienna AUT"]
[Date "2010.07.24"]
[Round "1"]
[White "Weinzettl,E"]
[Black "Manhardt,T"]
[Result "0-1"]
[WhiteElo "2325"]
[BlackElo "2124"]

1.e4 c5 2.Nf3 Nc6 3.Nc3 e5 4.Bc4 h6 5.d3 Nf6 6.Nd2 Be7 7.Nf1 d6 8.Ne3 Be6
9.Ncd5 Qd7 10.c3 O-O 11.Qf3 Rab8 12.Bb5 a6 13.Ba4 b5 14.Bc2 Rfc8 15.g4 Nd4
16.cxd4 cxd4 17.Bb3 dxe3 18.Nxe3 a5 19.Rg1 a4 20.Bd5 Nh7 21.Nf5 Bg5 22.Bxg5 Nxg5
23.Qe3 Bxd5 24.exd5 Rc2 25.Rb1 Re8 26.h4 Nh7 27.Qf3 Nf6 28.Ne3 e4 29.Qd1 exd3
30.Qxd3 Rc5 31.Kf1 Re5 32.Rd1 h5 33.f3 hxg4 34.Nxg4 Nxg4 35.Rxg4 Qf5 36.Qxf5 Rxf5
37.Rd2 Rfxd5 38.Rxd5 Rxd5 39.Ke2 Rc5 40.Kd2 Kf8 41.b3 axb3 42.axb3 g6 43.Kd3 Ke7
44.Rd4 Ke6 45.Ke4 Re5+ 46.Kf4 Kd7 47.Rd2 Kc6 48.Ra2 Kc5 49.Ra7 Rf5+ 50.Kg4 Kb4
51.h5 Rxh5 52.Rxf7 d5 53.Rg7 d4 54.Kf4 Rd5  0-1

[Event "Brunei Inv IM"]
[Site "Bandar Seri Begawan BRU"]
[Date "2010.07.26"]
[Round "1"]
[White "Hj,Sulaiman Hj Md Baharuddin"]
[Black "Sukandar,I"]
[Result "0-1"]
[WhiteElo "2339"]
[BlackElo "2311"]

1.e4 c5 2.Nf3 Nc6 3.Nc3 g6 4.d4 cxd4 5.Nxd4 Bg7 6.Be3 Nf6 7.f3 O-O 8.Qd2 d5
9.Nxc6 bxc6 10.Rd1 Bb7 11.Bh6 e5 12.Bxg7 Kxg7 13.Be2 Qc7 14.O-O Rad8 15.Qc1 Nh5
16.g3 Nf6 17.b3 Qe7 18.Kh1 Bc8 19.Bd3 Bh3 20.Rfe1 Qc5 21.Qd2 Rfe8 22.Na4 Qd6
23.Nc3 Re7 24.exd5 cxd5 25.Bf1 Bxf1 26.Rxf1 Qc6 27.Ne2 d4 28.Kg1 Nd5 29.Qa5 Rdd7
30.Rd2 Ne3 31.Rf2 Nxc2 32.Nf4 Ne3 33.Nd3 Qc3 34.Qa3 Nc4 35.Qc1 Qxc1+ 36.Nxc1 Nxd2
37.Rxd2 f5 38.Nd3 e4 39.fxe4 fxe4 40.Nc5 Rd5 41.b4 e3  0-1

[Event "21st Czech GM Open"]
[Site "Pardubice CZE"]
[Date "2010.07.26"]
[Round "4"]
[White "Manik,M"]
[Black "Kiran,M"]
[Result "1/2-1/2"]
[WhiteElo "2441"]
[BlackElo "2272"]

1.e4 c5 2.Nf3 Nc6 3.Nc3 d6 4.Bb5 Bd7 5.Bxc6 Bxc6 6.d4 cxd4 7.Qxd4 Nf6 8.Bg5 e6
9.O-O-O Be7 10.Rhe1 O-O 11.Kb1 Qa5 12.Qd2 Nh5 13.g4 b5 14.Nd4 Rac8 15.Nb3  1/2-1/2

[Event "21st Czech GM Open"]
[Site "Pardubice CZE"]
[Date "2010.07.26"]
[Round "4"]
[White "Oparin,G"]
[Black "Baron,Ta"]
[Result "1/2-1/2"]
[WhiteElo "2309"]
[BlackElo "2438"]

1.e4 c5 2.Nf3 Nc6 3.Nc3 Nf6 4.Bb5 Qc7 5.Bxc6 dxc6 6.h3 e5 7.d3 Bd6 8.b3 Nd7
9.Ne2 Nf8 10.Ng3 Bd7 11.Nf5 Bxf5 12.exf5 O-O-O 13.Ng5 g6 14.Qf3 Kb8 15.Be3 h6
16.Ne4 gxf5 17.Qxf5 Ne6 18.O-O Rhg8 19.g3 Ng7 20.Qf6 Nh5 21.Qh4 Nf4 22.Nxd6 Qxd6
23.Kh2 Ne6 24.Rae1 Ka8 25.Qe4 Rg6 26.f4 exf4 27.Bxf4 Qd7 28.Qf5 a6 29.Be5 Rf8
30.h4 Qd5 31.Bf6 Qd6 32.Qe5 Qd7 33.Qf5 Qc7 34.Be5 Qa5 35.Re2 Qd8 36.Ref2 Qd7
37.a4 Ka7 38.Qe4 Ka8 39.Qf5 Qd5 40.Bc3 Qd6 41.Be5 Qd5 42.Bc3 Qd6 43.Qe5 Qd7
44.Qe4 Qd6 45.Be5 Qd7 46.Rf3 Ka7 47.R1f2 Ka8 48.Rf5 Nd8 49.Bf4 Re8 50.Be5 Ne6
51.Bc3 Reg8 52.R5f3 Rg4 53.Qf5 Qd6 54.Qf6 R8g6 55.Qh8+ Rg8 56.Qf6 R8g6 57.Qh8+ Rg8
58.Qf6  1/2-1/2

[Event "Brunei Inv IM"]
[Site "Bandar Seri Begawan BRU"]
[Date "2010.07.27"]
[Round "3"]
[White "Hj,Sulaiman Hj Md Baharuddin"]
[Black "Vakhidov,N"]
[Result "0-1"]
[WhiteElo "2339"]
[BlackElo "2134"]

1.e4 c5 2.Nf3 Nc6 3.Nc3 g6 4.d4 cxd4 5.Nxd4 Bg7 6.Be3 Nf6 7.f3 O-O 8.Qd2 d5
9.Nxc6 bxc6 10.Rd1 Rb8 11.Qc1 Qa5 12.Bd2 Qb6 13.b3 dxe4 14.Na4 Qc7 15.Be2 exf3
16.Bxf3 Qe5+ 17.Kf2 Ng4+ 18.Bxg4 Bxg4 19.Rhe1 Qxh2 20.Bf4 Qh4+ 21.Bg3 Qf6+
22.Kg1 Bxd1 23.Rxd1 Rbd8 24.Re1 Qd4+ 25.Bf2 Qd2 26.Qxd2 Rxd2 27.Rxe7 Rxc2
28.Rxa7  0-1